Les 20 plus grandes villes de la Meuse sur une carte - Statistiques

Statistiques générales
  • Ce quiz a été pris 82 fois
  • Le résultat moyen est 9 sur 20
Réponses sur la Carte
Les réponses sont colorées sur une échelle allant du rouge au vert en fonction du pourcentage des utilisateurs qui les ont devinées à leur premier essai. Vous pouvez retrouver ces pourcentages ci-dessous.
 
Statistiques - réponses
Population
Initiale
Ville % Correct
16 890 V Verdun
98%
14 607 B Bar-le-Duc
95%
5 350 C Commercy
83%
3 772 S Saint-Mihiel
62%
3 677 L Ligny-en-Barrois
52%
3 375 É Étain
50%
2 052 M Montmédy
50%
2 403 S Stenay
50%
3 172 T Thierville-sur-Meuse
40%
3 013 B Belleville-sur-Meuse
38%
2 499 R Revigny-sur-Ornain
38%
1 906 V Vaucouleurs
37%
1 599 V Void-Vacon
33%
2 507 B Bouligny
30%
1 579 V Vigneulles-lès-Hattonchâtel
27%
1 442 C Dieue-sur-Meuse
25%
2 569 A Ancerville
22%
1 630 E Euville
17%
2 080 F Fains-Véel
17%
1 621 C Cousances-les-Forges
13%
Aucun quiz correspondant
Distribution des résultats
% des personnes avec chaque résultat
Percentile par nombre de réponses
Votre historique - résultats
Vous n’avez pas pris ce quiz